Komunikasi dalam pengurusan

Bibliographic Details
Main Author: Muhammad Mansur Abdullah 1945- (Author)
Format: Book
Published: Kuala Lumpur : Dewan Bahasa dan Pustaka , 1998
Subjects:

MARC

LEADER 00000cam a2200000 7i4500
001 0000002077
005 20161020093000.0
008 021118s1998
020 |a 9836259066 
090 0 0 |a HD30.3   |b .M622 1998 
100 0 |a Muhammad Mansur Abdullah   |c 1945- ,   |e author 
245 0 0 |a Komunikasi dalam pengurusan   |c Muhd. Mansur Abdullah 
260 2 |a Kuala Lumpur :   |b Dewan Bahasa dan Pustaka ,   |c 1998 
300 |a x, 333 ms. ; ;   |c 22 cm. 
504 |a Mengandungi bibliografi (ms. 323325) dan indeks 
650 0 |a Communication in management 
999 |a 1000079515   |b Book   |c OPEN SHELF (30 DAYS)   |e Gong Badak Campus